000 00766nam a2200277 a 4500
001 000110728
003 CHAP
005 20220329144144.0
008 140930s1928 nyua |r| ||||||eng d
010 _a107190
011 _a108162
040 _cCHAP
082 0 4 _a621.56
_bM15
100 1 _aMacintire, H. J.
_9128548
245 1 0 _aHandbook of mechanical refrigeration /
_cpor H. J. Macintire.
260 _aNew York :
_bJohn Wiley&Sons,
_c1928.
300 _a724 p.
590 _aE5765TAJ
_b05
_c20140930
_lUCH01
_h1311
650 1 4 _aAire acondicionado.
_93151
650 1 4 _aMaquinaria
_xMantenimiento y reparación.
_971147
650 1 4 _aMotores eléctricos.
_979101
650 1 4 _aRefrigeración.
_995611
901 _aBK
942 _cLIBRO
942 _n0
999 _c107190
_d107190